Most Sold Golf Balls - Statistics

General Stats
  • This quiz has been taken 6 times
  • The average score is 2 of 5
Answer Stats
# Answer % Correct
1 Titleist ProV1(x)
100%
3 TaylorMade TP5(x)
40%
5 Bridgestone Tour B
20%
2 Callaway Chrome Tour
20%
4 Srixon Z-Star
20%
No matching quizzes found
Score Distribution
Percent of People with Each Score
Percentile by Number Answered
Your Score History
You have not taken this quiz